Eastern Utah Libraries Catalog: Duchesne, Heber, Roosevelt, & Vernal

The princess and the pea = (Record no. 274807)

MARC details
000 -LEADER
fixed length control field 02542nam a2200613 a 4500
001 - CONTROL NUMBER
control field ocm53443004
003 - CONTROL NUMBER IDENTIFIER
control field OCoLC
005 - DATE AND TIME OF LATEST TRANSACTION
control field 20200320184949.0
008 - FIXED-LENGTH DATA ELEMENTS--GENERAL INFORMATION
fixed length control field 031021s2004 caua b 000 1 eng
010 ## - LIBRARY OF CONGRESS CONTROL NUMBER
LC control number 2003022992
020 ## - INTERNATIONAL STANDARD BOOK NUMBER
International Standard Book Number 081184451X
020 ## - INTERNATIONAL STANDARD BOOK NUMBER
International Standard Book Number 9780811844512
020 ## - INTERNATIONAL STANDARD BOOK NUMBER
International Standard Book Number 0811844528 (pbk.)
020 ## - INTERNATIONAL STANDARD BOOK NUMBER
International Standard Book Number 9780811844529 (pbk.)
020 ## - INTERNATIONAL STANDARD BOOK NUMBER
Terms of availability 17.95
029 1# - (OCLC)
OCLC library identifier NZ1
System control number 8081700
029 1# - (OCLC)
OCLC library identifier AU@
System control number 000025126811
035 ## - SYSTEM CONTROL NUMBER
System control number (OCoLC)53443004
040 ## - CATALOGING SOURCE
Original cataloging agency DLC
Language of cataloging eng
Transcribing agency DLC
Modifying agency TEF
-- BAKER
-- BTCTA
-- YDXCP
-- OCL
-- OCLCQ
-- WACOL
041 1# - LANGUAGE CODE
Language code of text/sound track or separate title eng
-- spa
Language code of original and/or intermediate translations of text cat
042 ## - AUTHENTICATION CODE
Authentication code pcc
-- lcac
049 ## - LOCAL HOLDINGS (OCLC)
Holding library WACL
050 00 - LIBRARY OF CONGRESS CALL NUMBER
Classification number PZ73
Item number .B62313 2004
082 04 - DEWEY DECIMAL CLASSIFICATION NUMBER
Classification number [E]
Edition number 22
092 ## - LOCALLY ASSIGNED DEWEY CALL NUMBER (OCLC)
Classification number SPE
Item number Boa
100 1# - MAIN ENTRY--PERSONAL NAME
Personal name Boada, Francesc.
9 (RLIN) 5823853
240 10 - UNIFORM TITLE
Uniform title <a href="Princesa i el pèsol.">Princesa i el pèsol.</a>
Language of a work English & Spanish
245 14 - TITLE STATEMENT
Title The princess and the pea =
Remainder of title La princesa y el guisante /
Statement of responsibility, etc adaptation by Francesc Boada ; illustrated by Pau Estrada.
246 31 - VARYING FORM OF TITLE
Title proper/short title Princesa y el guisante
260 ## - PUBLICATION, DISTRIBUTION, ETC. (IMPRINT)
Place of publication, distribution, etc San Francisco, Calif. :
Name of publisher, distributor, etc Chronicle Books,
Date of publication, distribution, etc 2004.
300 ## - PHYSICAL DESCRIPTION
Extent 1 v. (unpaged) :
Other physical details col. ill. ;
Dimensions 22 cm.
490 1# - SERIES STATEMENT
Series statement A bilingual book!
520 ## - SUMMARY, ETC.
Summary, etc By feeling a pea through twenty mattresses and twenty featherbeds, a girl proves that she is a real princess.
650 #1 - SUBJECT ADDED ENTRY--TOPICAL TERM
Topical term or geographic name as entry element Fairy tales.
9 (RLIN) 5863200
650 #1 - SUBJECT ADDED ENTRY--TOPICAL TERM
Topical term or geographic name as entry element Spanish language materials
Form subdivision Bilingual.
9 (RLIN) 5863201
650 #0 - SUBJECT ADDED ENTRY--TOPICAL TERM
Topical term or geographic name as entry element Princesses
Form subdivision Juvenile fiction.
9 (RLIN) 5863202
650 #7 - SUBJECT ADDED ENTRY--TOPICAL TERM
Topical term or geographic name as entry element Princesas
Form subdivision Novela juvenil.
Source of heading or term bidex
9 (RLIN) 5863203
650 #7 - SUBJECT ADDED ENTRY--TOPICAL TERM
Topical term or geographic name as entry element Cuentos de hadas.
Source of heading or term bidex
9 (RLIN) 5863204
700 1# - ADDED ENTRY--PERSONAL NAME
Personal name Estrada, Pau,
Relator term ill.
9 (RLIN) 29082
700 1# - ADDED ENTRY--PERSONAL NAME
Personal name Andersen, H. C.
Fuller form of name (Hans Christian),
Dates associated with a name 1805-1875.
Title of a work Prindsessen paa ærten.
9 (RLIN) 5691127
830 #0 - SERIES ADDED ENTRY--UNIFORM TITLE
Uniform title Bilingual book! (Chronicle Books (Firm))
9 (RLIN) 5863205
856 41 - ELECTRONIC LOCATION AND ACCESS
Materials specified Table of contents
Uniform Resource Identifier <a href="http://catdir.loc.gov/catdir/toc/ecip0410/2003022992.html">http://catdir.loc.gov/catdir/toc/ecip0410/2003022992.html</a>
856 42 - ELECTRONIC LOCATION AND ACCESS
Materials specified Publisher description
Uniform Resource Identifier <a href="http://catdir.loc.gov/catdir/enhancements/fy0722/2003022992-d.html">http://catdir.loc.gov/catdir/enhancements/fy0722/2003022992-d.html</a>
938 ## -
-- Baker & Taylor
-- BKTY
-- 14.95
-- 14.95
-- 081184451X
-- 0004367196
-- active
938 ## -
-- Baker & Taylor
-- BKTY
-- 6.95
-- 5.21
-- 0811844528
-- 0006026405
-- active
938 ## -
-- Baker and Taylor
-- BTCP
-- 2003022992
938 ## -
-- Baker & Taylor
-- BKTY
-- 15.75
-- .00
-- 1417742542
-- 0007449344
-- active
938 ## -
-- Baker & Taylor
-- BKTY
-- 15.80
-- .00
-- 060630715X
-- 0006081533
-- active
938 ## -
-- YBP Library Services
-- YANK
-- 2171803
942 ## - ADDED ENTRY ELEMENTS (KOHA)
Koha item type BOOK
948 ## - LOCAL PROCESSING INFORMATION (OCLC); SERIES PART DESIGNATOR (RLIN)
Series part designator, SPT (RLIN) 03/30/2011
z (OCLC) Sirsi
994 ## -
-- 02
-- WACOL
996 ## -
-- 83167
-- 34301000985046
-- SPE
-- bk
-- wcl
-- i
-- 17
-- 17.95
-- pumpkin
-- Boa
-- 04/12/2011
-- 10/18/2019
-- 09/26/2019
Holdings
Withdrawn status Lost status Source of classification or shelving scheme Damaged status Not for loan Collection code Home library Current library Shelving location Date acquired Cost, normal purchase price Total Checkouts Total Renewals Full call number Barcode Date last seen Date checked out Cost, replacement price Price effective from Koha item type
    Dewey Decimal Classification     Spanish Children NonFiction Wasatch County Library Wasatch County Library First Floor 04/12/2011 17.95 21 4 E Cuentos Populares Boada 34301000985046 11/04/2025 10/27/2025 17.95 03/20/2020 BOOK
This project was made possible through a grant from the Institute of Museum and Library Service administered by the Utah State Library Division.

Wasatch County Library

  • 465 East 1200 South, Heber City, Utah 84032
  • Phone 435-654-1511 | Fax 435-654-6456

Hours

  • Monday - Friday 9:30 AM - 8:00 PM
  • Saturday 9:30 AM - 1:30 PM
  • Closed Sundays and Holidays